| 000 | 00887nam0a22002771 4500 | ||
|---|---|---|---|
| 001 | RU\INFOCOMM_318\NLR\5000079477 | ||
| 005 | 20250613102621.0 | ||
| 035 | _a(NLR Aleph) 009449019 | ||
| 090 |
_a8393759 _c8393759 |
||
| 100 | _a20121130d1931 |||y0rusy50 ca | ||
| 101 | 0 | _aeng | |
| 102 | _aRU | ||
| 105 | _ay z ||||| | ||
| 200 | 1 | _aItineraries for 1931 | |
| 210 |
_a[Moskow] _d[1931] _gMospoligraph 39-th printery |
||
| 215 |
_a12 p. _d21х15 см |
||
| 225 | 1 |
_aCircular _fUSSR. State tourist company "Inturist" ... |
|
| 300 | _aБез тит. л. и обложки | ||
| 606 |
_aЭкскурсии _xМаршруты для иностранцев _yСССР _2nlr_sh1 |
||
| 620 | _aМосква | ||
| 710 | 0 | 2 |
_a"Intourist", company for foreign travel _cUSSR _4070 |
| 801 | 1 |
_aRU _bNLR _c20121130 |
|
| 801 | 0 |
_aRU _bINFOCOMM _gPSBO |
|
| 852 |
_aNLR _jЕ-10/56 |
||
| 942 | _cBOOK | ||
| 980 | _aNB | ||